| 000 | 00645nam a2200241Ia 4500 | ||
|---|---|---|---|
| 003 | OSt | ||
| 005 | 20221002050635.0 | ||
| 006 | a|||||r|||| 00| 0 | ||
| 007 | ta | ||
| 008 | 220930b |||||||| |||| 00| 0 eng d | ||
| 024 | _a17087 | ||
| 037 | _cReference Collections | ||
| 040 |
_aCRL _cCRL _beng |
||
| 041 |
_2eng _aeng |
||
| 082 | _az1-791k, N3 (RR) | ||
| 245 | 0 | _aSouth America, Central America and the Caribbean 1993 | |
| 250 | _a4th | ||
| 260 |
_aEngland _bEuropa UK _c1993 |
||
| 300 |
_axv, 718p _ccm. |
||
| 650 | _aGENERALIA | ||
| 942 |
_hz1-791k, N3 (RR) _cref _2CC |
||
| 999 |
_c915103 _d915103 |
||